000
00301nam a2200133Ia 4500
100
_a
Paquin/ J.R./ Crowley/R.E
942
_c
BK
654
_a
Die Design
245
_a
Die design fundamentals
260
_b
Industrial Press
_a
NEWYORK
_c
1962
082
_a
621.984
300
_a
256
546
_a
ENGLISH
999
_c
22172
_d
22172